Curriculum and instruction / (Record no. 15406)

MARC details
000 -LEADER
fixed length control field 00899 a2200253 4500
005 - DATE AND TIME OF LATEST TRANSACTION
control field 20080829123836.0
008 - FIXED-LENGTH DATA ELEMENTS--GENERAL INFORMATION
fixed length control field 080908t xxu||||| |||| 00| 0 eng d
010 ## - LIBRARY OF CONGRESS CONTROL NUMBER
LC control number ENG-90979
020 ## - INTERNATIONAL STANDARD BOOK NUMBER
International Standard Book Number 9788178803890
Terms of availability 600.00
035 ## - SYSTEM CONTROL NUMBER
System control number EN-74512
037 ## - SOURCE OF ACQUISITION
Source of stock number/acquisition DBAD / PUB
040 ## - CATALOGING SOURCE
Original cataloging agency dpl
Language of cataloging English
082 ## - DEWEY DECIMAL CLASSIFICATION NUMBER
Classification number 375.001
100 ## - MAIN ENTRY--PERSONAL NAME
Personal name Shiv Sagar
245 ## - TITLE STATEMENT
Title Curriculum and instruction /
Statement of responsibility, etc by Shiv Sagar
260 ## - PUBLICATION, DISTRIBUTION, ETC. (IMPRINT)
Place of publication, distribution, etc New Delhi
Name of publisher, distributor, etc Rajat Publications
Date of publication, distribution, etc 2008
270 ## - ADDRESS
Address 4675/21, Ansari Raod, Darya Ganj,
City New Delhi
Postal code 110002
300 ## - PHYSICAL DESCRIPTION
Extent 232 p.
Dimensions 22 cm. (Hb)
500 ## - GENERAL NOTE
General note Includes bibliographical references and index
650 ## - SUBJECT ADDED ENTRY--TOPICAL TERM
Topical term or geographic name as entry element Education
General subdivision Curricula
650 ## - SUBJECT ADDED ENTRY--TOPICAL TERM
Topical term or geographic name as entry element Teaching
942 ## - ADDED ENTRY ELEMENTS (KOHA)
Institution code [OBSOLETE] dpl
Koha item type English Books
Source of classification or shelving scheme Dewey Decimal Classification
Call number suffix SHI
Classification part 375.001
Holdings
Withdrawn status Lost status Damaged status Not for loan Collection code Home library Current library Date acquired Cost, normal purchase price Total Checkouts Full call number Barcode Date last seen Cost, replacement price Price effective from Koha item type
      Not For Loan Non-fiction D.B.Act.Division D.B.Act.Division 08/09/2008 600.00   375.001 SHI EN-74512 15/09/2008 600.00 15/09/2008 English Books

© Delhi Public Library
Hit Counter
free hit counter